Catálogo de los libros impresos en París durante el siglo XVI existentes en la Biblioteca Pública de Guadalajara /

保存先:
書誌詳細
第一著者: Duclas, Robert (autor)
フォーマット: 図書
言語:スペイン語
出版事項: Guadalajara, México : Universidad de Guadalajara, 1957
主題:
タグ: タグ追加
タグなし, このレコードへの初めてのタグを付けませんか!

MARC

LEADER 00000nam^a2200000^a^4500
001 000187986
005 20250521000000.0
009 20260310102321.253
037 |a Acervo ITESO - Biblioteca 
041 |a ESP 
082 |a 027. 072352  |b DUC 
100 |a Duclas, Robert  |e (autor) 
245 1 0 |a Catálogo de los libros impresos en París durante el siglo XVI existentes en la Biblioteca Pública de Guadalajara /  |c R. Duclas. 
264 1 |a Guadalajara, México :  |b Universidad de Guadalajara,  |c 1957 
300 |a 464 p. 
336 |a texto  |b txt  |2 rdacontenido 
337 |a sin mediación  |b n  |2 rdamedio 
338 |a volumen  |b nc  |2 rdasoporte 
649 |a XX 
650 |a Catálogos de Bibliotecas -  |z Guadalajara, Jalisco 
650 |a Catálogos de Bibliotecas -  |z Jalisco 
650 |a Catálogos de Bibliotecas -  |z México 
650 |a Bibliotecas Públicas -  |z Guadalajara, Jalisco 
650 |a Bibliotecas Públicas -  |z Jalisco 
650 |a Bibliotecas Públicas -  |z México 
650 |a Bibliotecas -  |z Guadalajara, Jalisco 
650 |a Bibliotecas -  |z Jalisco 
650 |a Bibliotecas -  |z México 
650 |a Libros -  |z Francia -  |x Historia -  |y Siglo XVI 
910 |a Fondo Julio de la Peña Lomelín 
920 |a Impresos - Libros 
930 |a Arquitectos Jaliscienses 
905 |a 115 
901 |a 0500130621  |b IT1  |c JAL  |u 20250521 
902 |a https://opac.biblio.iteso.mx/vufind/Record/000187986